| 000 | 00389nam a22001577a 4500 | ||
|---|---|---|---|
| 003 | SGT | ||
| 020 | _a9788123923987 | ||
| 082 |
_a617.601 _bD14C |
||
| 100 | _aChakravarthy, P. Kalyana | ||
| 245 |
_aDental Indices _bReady Reckoner |
||
| 250 | _a1st | ||
| 260 |
_aDelhi, India _bCBS Publishers & Distributers _c2014 |
||
| 300 | _a203 | ||
| 650 | _aPublic Health Dentistry | ||
| 942 |
_2ddc _cBK |
||
| 999 |
_c26807 _d26807 |
||